| 000 | 00414nam a2200169Ia 4500 | ||
|---|---|---|---|
| 008 | 230711s9999||||xx |||||||||||||| ||und|| | ||
| 020 | _a978-93-325-4966-1 | ||
| 041 | _aENG | ||
| 082 |
_a621.317 _bOG-D |
||
| 100 | _aOgata, Katsuhiko | ||
| 245 | 0 | _aDiscrete-time control systems | |
| 250 | _a2nd Ed. | ||
| 260 |
_c2015 _aNew Delhi _bPearson |
||
| 300 | _a745p. | ||
| 650 | _aElectrical Engineering | ||
| 942 | _cBK | ||
| 999 |
_c6256 _d6256 |
||